| 000 | 00984cam a2200277 i 4500 | ||
|---|---|---|---|
| 003 | IT-RoINE | ||
| 005 | 20250110141130.0 | ||
| 008 | 100309s2007 sp r 001 0 spa d | ||
| 020 | _a9788497426503 | ||
| 040 |
_aSpMaUCFS _dIT-RoINE _cIT-RoINE |
||
| 245 | 1 | 3 |
_aLa secularización conflictiva : _bEspaña (1898-1931) / _cJulio de la Cueva y Feliciano Montero (eds.) |
| 260 |
_aMadrid : _bBiblioteca Nueva, _c2007. |
||
| 300 |
_a282 p. ; _c24 cm. |
||
| 336 |
_2rdacontent _atext |
||
| 337 |
_2rdamedia _aunmediated |
||
| 338 |
_2rdacarrier _avolume |
||
| 490 | 1 | _aHistoria Biblioteca Nueva | |
| 500 | _aIncluye índice. | ||
| 504 | _aBibliografía: p. 261-277. | ||
| 650 | 0 | 4 |
_aAnticlericalismo _zEspaña _xHistoria _ySiglo 20o. _918110 |
| 650 | 0 | 4 |
_aClericalismo _zEspaña _xHistoria _ySiglo 20o. _918111 |
| 700 | 1 |
_aCueva Merino, Julio de la, _d1964- _917003 |
|
| 700 | 1 |
_916823 _aMontero García, Feliciano, _d1948-2018 |
|
| 830 | 0 |
_916746 _aHistoria (Biblioteca Nueva) |
|
| 942 | _cMTS | ||
| 999 |
_c8780 _d8780 |
||